Capitals of FIFA members Quiz Stats

 Plays Quiz not verified by Sporcle

Also try: Continent Pairs
Challenge
Share
Tweet
Embed
Score 0/209 Timer 20:00
0 Plays Today
Confederations Capital % Correct
UEFALondon
97.5%
UEFAMoscow
96.9%
UEFARome
96.3%
UEFAMadrid
95.1%
UEFABerlin
95.1%
UEFAAmsterdam
95.1%
UEFAParis
94.4%
CONCACAFWashington
92.6%
UEFABern
91.4%
AFCTokyo
91.4%
CONCACAFMexico City
90.7%
UEFACardiff
90.1%
UEFAKiev
90.1%
UEFABrussels
90.1%
CONMEBOLBrasilia
90.1%
UEFACopenhagen
89.5%
UEFAAthens
89.5%
UEFADublin
88.9%
UEFAOslo
88.9%
UEFALisbon
88.3%
UEFALuxembourg
88.3%
CONMEBOLSantiago
88.3%
OFCWellington
88.3%
UEFASan Marino
87.7%
CONMEBOLBuenos Aires
87.7%
UEFABelfast
87%
CONCACAFKingston
87%
AFCCanberra
87%
UEFAStockholm
86.4%
UEFAVienna
86.4%
CONMEBOLLima
86.4%
AFCSeoul
86.4%
UEFAEdinburgh
85.8%
UEFARiga
85.8%
UEFAJerusalem
85.8%
CONMEBOLBogota
85.8%
CAFCairo
85.8%
CAFPretoria/Cape Town
85.8%
CONCACAFOttawa
85.8%
AFCBeijing
85.8%
UEFABudapest
85.2%
CONMEBOLCaracas
85.2%
UEFAZagreb
84.6%
UEFAAnkara
84.6%
UEFAWarsaw
84.6%
UEFAHelsinki
84%
UEFAVaduz
84%
CONMEBOLQuito
84%
UEFABelgrade
83.3%
UEFABratislava
83.3%
CONMEBOLLa Paz
82.7%
AFCNew Delhi
82.7%
UEFATallinn
82.1%
CONCACAFGuatemala City
82.1%
AFCJakarta
82.1%
AFCSingapore
82.1%
UEFABucharest
81.5%
UEFASofia
81.5%
CONCACAFPanama City
81.5%
AFCBangkok
81.5%
UEFANicosia
80.9%
CAFTunis
80.9%
CONCACAFHavana
80.9%
UEFAPrague
80.2%
UEFASarajevo
79.6%
UEFASkopje
79.6%
UEFAAndorra La Vella
79.6%
CONMEBOLMontevideo
79.6%
CONCACAFSan Jose
79.6%
AFCManila
79.6%
Confederations Capital % Correct
UEFAMinsk
79%
UEFABaku
78.4%
CAFAlgiers
78.4%
CAFNairobi
78.4%
AFCPyongyang
78.4%
UEFALa Valletta
77.8%
CONCACAFSan Salvador
77.8%
CONCACAFPort au Prince
77.8%
CONCACAFGeorgetown
77.8%
CONCACAFGeorge Town
77.8%
AFCRiyadh
77.8%
AFCTehran
77.2%
AFCDoha
77.2%
AFCHanoi
77.2%
AFCKuala Lumpur
77.2%
UEFAReykjavik
76.5%
AFCAmman
76.5%
UEFAAstana
75.9%
AFCBaghdad
75.9%
AFCBeirut
75.9%
AFCKabul
75.9%
UEFAVilnius
75.3%
UEFAChisinau
75.3%
AFCIslamabad
75.3%
UEFAPodgorica
74.7%
CONMEBOLAsuncion
74.7%
CAFRabat
74.7%
CONCACAFManagua
74.7%
AFCAbu Dhabi
74.7%
AFCDamascus
74.7%
AFCDhaka
74.7%
AFCKuwait City
74.1%
OFCSuva
74.1%
CAFAbuja
73.5%
AFCTaipei
73.5%
UEFALjubljana
72.8%
CONCACAFTegucigalpa
72.8%
CAFDakar
72.8%
CAFDjibouti
72.8%
CONCACAFPort of Spain
72.8%
CAFTripoli
72.2%
CONCACAFBelmopan
72.2%
CONCACAFKingstown
72.2%
OFCPort Moresby
72.2%
AFCManama
71.6%
AFCKathmandu
71.6%
AFCDili
71.6%
CAFKhartoum
71%
CONCACAFSt John's
71%
AFCTashkent
71%
AFCBishkek
71%
UEFATirana
70.4%
UEFATbilisi
70.4%
CONCACAFSanto Domingo
70.4%
CAFKinshasa
69.8%
CAFAddis Ababa
69.8%
CAFMogadishu
69.8%
CONCACAFNassau
69.8%
AFCMuscat
69.8%
AFCSri Jayawardenapura Kotte
69.8%
CAFFreetown
69.1%
CAFLuanda
69.1%
UEFAYerevan
68.5%
CAFAccra
68.5%
CAFKampala
68.5%
CONCACAFParamaribo
67.9%
AFCMale
67.9%
AFCVientiane
67.9%
CAFJuba
67.3%
AFCThimphu
67.3%
Confederations Capital % Correct
CAFSao Tome
66.7%
CAFWindhoek
66.7%
CAFDodoma
66.7%
CONCACAFSt George's
66.7%
OFCApia
66.7%
CAFMaputo
66%
CAFKigali
66%
AFCAshgabat
66%
AFCSana'a
66%
AFCPhnom Penh
66%
CAFPraia
65.4%
CAFHarare
65.4%
CAFAsmara
65.4%
AFCDushanbe
65.4%
AFCHong Kong
65.4%
CAFLusaka
63.6%
CAFBrazzaville
63.6%
CAFLome
63.6%
CAFBissau
63.6%
CONCACAFBridgetown
63.6%
OFCHoniara
63.6%
CAFPorto Novo
63%
CAFVictoria
63%
CAFGaborone
62.3%
CAFYamoussoukro
61.7%
CAFYaounde
61.7%
CAFPort Louis
61.1%
CONCACAFCastries
61.1%
AFCMacau
61.1%
CAFLibreville
59.9%
CAFBangui
59.9%
CAFMaseru
59.9%
CAFMbabane
59.9%
CONCACAFSan Juan
59.9%
CONCACAFRoseau
59.9%
OFCPort Vila
59.9%
CAFBamako
59.3%
CAFMonrovia
59.3%
CAFBujumbura
59.3%
CAFAntananarivo
59.3%
CAFN'Djamena
59.3%
CAFOuagadougou
58.6%
CAFLilongwe
58.6%
CAFBanjul
58.6%
CAFNiamey
58.6%
UEFATorshavn
58%
AFCBandar Seri Begawan
57.4%
CAFConakry
55.6%
CAFMoroni
55.6%
AFCNaypyidaw
55.6%
AFCUlaanbaatar
54.3%
CONCACAFBasseterre
53.7%
AFCEast Jerusalem/Ramallah
53.1%
OFCNuku'Alofa
52.5%
CAFMalabo
51.2%
CAFNouakchott
51.2%
CONCACAFHamilton
46.9%
OFCPago Pago/Fagatogo
46.9%
CONCACAFRoad Town
46.3%
OFCNoumea
45.7%
CONCACAFOranjestad
45.1%
CONCACAFCharlotte Amalie
45.1%
OFCPapeete
43.8%
CONCACAFWillemstad
42.6%
CONCACAFPlymouth/Brades
42.6%
AFCHagatna
42.6%
CONCACAFCockburn Town
42%
CONCACAFThe Valley
38.3%
OFCAvarua
35.2%

You're not logged in!

Compare scores with friends on all Sporcle quizzes.
OR
Log In

You Might Also Like...

Show Comments

Extras

Top Quizzes Today


Score Distribution

Your Account Isn't Verified!

In order to create a playlist on Sporcle, you need to verify the email address you used during registration. Go to your Sporcle Settings to finish the process.

Report this User

Report this user for behavior that violates our Community Guidelines.

Details: